| 000 | 01039nam a22003137i 4500 | ||
|---|---|---|---|
| 003 | EG-GICUC | ||
| 005 | 20260121101554.0 | ||
| 008 | 251231s1983 us b|||fr|||| 001 0 eng d | ||
| 020 | _a0023513500 | ||
| 040 |
_aEG-GiCUC _cEG-GiCUC _dEG-GiCUC _erda _beng |
||
| 041 | _aeng | ||
| 082 | 0 | 4 |
_221 _a341.3 _bHA . R |
| 092 | 0 | 4 | _221 |
| 099 | _aLaw1 11 341.3 HA . R 6 ed - 1983 | ||
| 100 | 1 |
_aHartmann, Frederick H. _eAuthor. |
|
| 245 | 1 | 4 |
_aThe Relations Of Nations / _cFrederick H. Hartmann. |
| 250 | _aSixth Edition. | ||
| 264 | 1 |
_aNew York ; _aLondon : _bMacmillan, _c1954. |
|
| 300 |
_axxvi, 675 pages : _bMaps, _c24 cm. |
||
| 336 |
_2rda content _atext |
||
| 337 |
_2rda media _aComputer |
||
| 338 |
_2rda carrier _aOnline Resource |
||
| 504 | _aInclude Bibliography: pages 637-660 And Bibliographic references And Index. | ||
| 546 | _aText in English | ||
| 650 | 1 | 4 |
_aInternational Relations _xPublic international law |
| 856 | 4 | 0 | _uhttps://fll.law.cu.edu.eg/fulltext/bks/B11-06734.pdf |
| 905 | _a75 | ||
| 942 |
_2ddc _cBK _e21 _n0 |
||
| 999 |
_c53400 _d53400 |
||